Datum a čas kvízu
18.5
Celkem bodů
Celkový počet nahraných bodů na tomto kvízu bez doplňovacích otázek.
4.
Pořadí na kvízu
Konečné umístění týmu na tomto kvízu.
Zaznamenané odpovědi
| # | Otázka | Odpověď | Body | Výsledky |
|---|---|---|---|---|
| 1. | Ve středu do Hradce Králové za... | Spojené království Velké Británie a Severního Irska | 0 | |
| 2. | Několika desítkám jedinců jist... | o lachtanech | 0 | |
| 3. | Jak se jmenuje devatenáctiletá... | Olivia Rodrigo | 0 | |
| 4. | Europoslanci vyslyšeli volání... | množství vypuštěných emisí | 0 | |
| 5. | Fotbalisté Slavie Praha po blá... | Feyenoord Rotterdam | 0 | |
| 6. | Českou hokejovou jedničkou na... | v Číně | 0 | |
| 7. | Brankář hraje důležitou roli i... | v Irsku | 0 | |
| 8. | Napište jméno jednoho z nejlep... | Martin Galia | 0 | |
| 9. | Český reprezentační florbalový... | Lukáš Bauer | 0 | |
| 10. | Za který národní tým chytá fot... | za Slovinsko | 0 |